Loreto College Library, Kolkata
WEBOPAC (ONLINE PUBLIC ACCESS CATALOGUE)

ICT in Education (Record no. 41841)

MARC details
000 -LEADER
fixed length control field 00507nam a22001937a 4500
005 - DATE AND TIME OF LATEST TRANSACTION
control field 20181116144719.0
008 - FIXED-LENGTH DATA ELEMENTS--GENERAL INFORMATION
fixed length control field 181116b xxu||||| |||| 00| 0 eng d
020 ## - ISBN | অাই এস বি এন
ISBN | অাই এস বি এন 9789387460072
PRICE ₹ 1195.00
040 ## - CATALOGING SOURCE
Original cataloging agency Loreto College
041 ## - LANGUAGE CODE
Language code English
082 ## - DDC | ডিউই
Classification number | বর্গসংখ্যা 371.33
Book Number | গ্রন্থাঙ্ক AJI
100 ## - MAIN ENTRY--PERSONAL NAME | মুখ্য সংলেখ - ব্যাক্তিনাম
Personal name | ব্যাক্তিনাম Ajithkumar, C.
245 ## - TITLE STATEMENT | অাখ্যা বিবরণী
Title | অাখ্যা ICT in Education
Statement of responsibility | লেখকের দায়িত্বের বিবরণ Ajithkumar C.
260 ## - IMPRINT | প্রকাশনা ক্ষেত্র
Place of publication | প্রকাশ স্থান New Delhi
Name of publisher | প্রকাশকের নাম A.P.H. Publishing
Date of publication | প্রকাশ কাল 2018
300 ## - PHYSICAL DESCRIPTION |
Page / Vol. No | পৃষ্ঠা / খন্ড সংখ্যা 344 p.
Other physical details | অনান্য বাহ্যিক বিবরণ 24 cm.
650 ## - SUBJECT ADDED ENTRY--TOPICAL TERM | বিষয় শিরোনাম - মূল বিষয়
Topical term | মূল বিষয় Technological Education
850 ## - HOLDING INSTITUTION
Holding institution LCBED
942 ## - ADDED ENTRY ELEMENTS (KOHA)
Koha item type Books
Holdings
Withdrawn status Lost status Source of classification Damaged status Not for loan Home library Current library Date acquired Price Total Checkouts Full call number Accession No. Date last seen Price effective from Koha item type
    Dewey Decimal Classification     Loreto College Loreto College 16/11/2018 0.00   371.33 AJI 15505 45772 16/11/2018 16/11/2018 Books